Judges of the Bible - Statistics

General Stats
  • This quiz has been taken 92 times
  • The average score is 6 of 12
Answer Stats
Judges % Correct
Samson
91%
Deborah
89%
Gideon
82%
Ehud
58%
Othniel
44%
Shamgar
35%
Jephthah
31%
Elon
27%
Tola
27%
Abdon
25%
Ibzan
22%
Jair
22%
No matching quizzes found
Score Distribution
Percent of People with Each Score
Percentile by Number Answered
Your Score History
You have not taken this quiz